000 00691nam a22002417a 4500
003 UA-OsUOA
001 39717
007 ta
008 20080516b un ||||| |||| 00| 0 ukr d
100 _aКульчицький С.В.
090 _a930
_bК90
942 _cBK
040 _aUA-OsUOA
_bukr
_cUA-OsUOA
_dUA-OsUOA
245 _aЕкономічна історія Центрально-Східної Європи в ХVI - XX ст.
300 _a56 с.
955 _a1
041 _aukr
080 _a930
260 _aК.
_bІнститут історії України
_c2003
246 3 1 _aМатеріали до навчального курсу
650 7 _2UDC
999 _c438226
_d438226